| 000 | 00627cam a2200229 4500 | ||
|---|---|---|---|
| 001 | 1245175 | ||
| 005 | 20180227082827.0 | ||
| 008 | 701109s1970 nyu b 001 0 eng | ||
| 010 | _a 72102944 | ||
| 020 | _a039309944X | ||
| 040 |
_aDLC _cDLC _dDLC |
||
| 041 | _aeng | ||
| 043 | _an-us--- | ||
| 080 | _a342.73029 KEL | ||
| 082 | 0 | 0 | _a342.73029 KEL |
| 100 | 1 | _a14 | |
| 101 | _aJUR | ||
| 245 | 1 | 4 |
_aThe American Constitution; _cby Alfred H. Kelly & Winfred A. Harbison. |
| 504 | _aBibliography: p. 1103-1149. | ||
| 906 |
_a7 _bcbc _corignew _d2 _encip _f19 _gy-gencatlg |
||
| 942 |
_2ddc _cBK |
||
| 999 |
_c43629 _d43629 |
||